000 00344nam a22001457a 4500
003 OSt
005 20230822105639.0
008 230822b |||||||| |||| 00| 0 eng d
040 _cIIMT UNIVERSITY
100 _aACHARYA, SRIRAM SHARMA
245 _aYUGRISHI CHINTAN
260 _aMATHURA
_bYUG NIRMAN
_c2023
300 _b223
942 _2ddc
_c03
999 _c57109
_d57109